Fallen Sonic Characters Quiz Stats

 Plays Quiz not verified by Sporcle

Score 0/16 Timer 06:00
0 Plays Today
% Correct
Maria Robotnik
55.4%
Dr. Ivo Robotnik
52.4%
Armand D'Coolette
50%
E.V.E
48.8%
E-102 Gamma
46.4%
Hunter
44%
Locke
42.3%
Knuckles the Echidna
41.1%
% Correct
Tommy Turtle
39.3%
Nate Morgan
31%
Uma Arachnis
29.8%
Sir Connery
28%
Valdez
27.4%
Kragok
26.2%
Arachne
25.6%
Bride of Rich Nights
24.4%

You're not logged in!

Compare scores with friends on all Sporcle quizzes.
OR
Log In

Sporcle TV

Today on Sporcle TV


Watch our educational content, quiz creation guides, and fun videos on Sporcle TV.

Show Comments

Extras

Top Quizzes Today


Score Distribution

Your Account Isn't Verified!

In order to create a playlist on Sporcle, you need to verify the email address you used during registration. Go to your Sporcle Settings to finish the process.

Report this User

Report this user for behavior that violates our Community Guidelines.

Details: